| 000 | 00528nam a2200181 a 4500 | ||
|---|---|---|---|
| 001 | 5176 | ||
| 003 | CDMR | ||
| 005 | 20131209102856.0 | ||
| 008 | 130130s1969||||||||||||||||||||||||||||d | ||
| 040 |
_aCDMR _bcat _cCDMR |
||
| 245 | 0 | 4 |
_aLos efectos de las comunicaciones de masas _cJ. D. Halloran... [et al.] |
| 260 |
_aBuenos Aires _c1969 _bJorge Alvarez |
||
| 300 | _a142 p. | ||
| 650 | 0 | 4 |
_93284 _aComunicació _xInvestigació |
| 650 | 0 | 4 |
_9405 _aMitjans de comunicació de massa |
| 700 | 1 |
_91965 _aHalloran, James |
|
| 942 |
_cMON _2udc |
||
| 999 |
_c5176 _d5176 |
||